[Event "Girls U14 Polish Youth Championship"]
[Site "chess24.com"]
[Date "2018.05.04"]
[Round "8"]
[White "Hals, Emilia"]
[Black "Szewczyk, Malwina"]
[Result "0-1"]
[Board "23"]
[WhiteElo "1335"]
[WhiteCountry "POL"]
[WhiteFideId "21816603"]
[WhiteEloChange "-12"]
[BlackElo "1257"]
[BlackCountry "POL"]
[BlackFideId "21801649"]
[BlackEloChange "12"]

1. e4 {[%clk 1:30:58]} c5 {[%clk 1:30:50]} 2. Nf3 {[%clk 1:31:20]} Nc6 {[%clk
1:31:00]} 3. d4 {[%clk 1:31:31]} cxd4 {[%clk 1:31:24]} 4. Nxd4 {[%clk 1:31:54]}
g6 {[%clk 1:31:22]} 5. g3 {[%clk 1:31:57]} Bg7 {[%clk 1:31:32]} 6. Ne2 {[%clk
1:32:09]} Qb6 {[%clk 1:30:26]} 7. Nbc3 {[%clk 1:31:49]} Nf6 {[%clk 1:30:33]} 8.
Bg2 {[%clk 1:32:07]} O-O {[%clk 1:28:46]} 9. O-O {[%clk 1:32:24]} Rd8 {[%clk
1:28:33]} 10. Nf4 {[%clk 1:28:43]} Qd4 {[%clk 1:25:58]} 11. Qe2 {[%clk 1:23:56]}
Qb6 {[%clk 1:24:02]} 12. Rb1 {[%clk 1:22:54]} Nd4 {[%clk 1:23:48]} 13. Qd3 {[%clk
1:22:46]} e6 {[%clk 1:21:44]} 14. h3 {[%clk 1:20:42]} d5 {[%clk 1:21:26]} 15.
exd5 {[%clk 1:20:43]} exd5 {[%clk 1:21:36]} 16. Nfxd5 {[%clk 1:14:52]} Nxd5
{[%clk 1:21:49]} 17. Nxd5 {[%clk 1:14:25]} Qc5 {[%clk 1:21:27]} 18. Bg5 {[%clk
1:07:10]} Rxd5 {[%clk 1:20:17]} 19. Bxd5 {[%clk 1:06:14]} Qxd5 {[%clk 1:20:39]}
20. f4 {[%clk 0:55:44]} Bxh3 {[%clk 1:20:27]} 21. Rf2 {[%clk 0:54:11]} h6 {[%clk
1:20:25]} 22. Be7 {[%clk 0:53:29]} Re8 {[%clk 1:20:37]} 23. Bb4 {[%clk 0:52:38]}
Bf5 {[%clk 1:19:34]} 24. Qd1 {[%clk 0:47:14]} Qc4 {[%clk 1:18:10]} 25. Bc3 {[%clk
0:44:06]} Ne2+ {[%clk 1:17:52]} 26. Kh2 {[%clk 0:41:37]} Bxc3 {[%clk 1:18:11]}
27. bxc3 {[%clk 0:41:56]} Nxc3 {[%clk 1:18:35]} 28. Qf1 {[%clk 0:40:43]} Qxf1
{[%clk 1:16:01]} 29. Rbxf1 {[%clk 0:41:07]} Nxa2 {[%clk 1:16:19]} 30. Ra1 {[%clk
0:41:07]} Nb4 {[%clk 1:16:42]} 31. Rxa7 {[%clk 0:41:16]} Nxc2 {[%clk 1:16:43]}
32. Rxb7 {[%clk 0:41:29]} Ne3 {[%clk 1:17:02]} 33. Rfb2 {[%clk 0:40:10]} Ng4+
{[%clk 1:17:11]} 34. Kh3 {[%clk 0:35:24]} Ne3+ {[%clk 1:17:26]} 35. Kh4 {[%clk
0:34:30]} Kg7 {[%clk 1:17:17]} 36. R7b6 {[%clk 0:34:11]} Rd8 {[%clk 1:17:04]} 37.
Rh2 {[%clk 0:34:00]} Rd1 {[%clk 1:17:14]} 38. Rbb2 {[%clk 0:34:05]} f6 {[%clk
1:15:18]} 39. Rb7+ {[%clk 0:32:49]} Rd7 {[%clk 1:15:31]} 40. Rxd7+ {[%clk
0:31:02]} Bxd7 {[%clk 1:15:58]} 41. g4 {[%clk 0:31:24]} Bxg4 {[%clk 1:15:32]} 42.
Rb2 {[%clk 0:31:35]} h5 {[%clk 1:15:40]} 43. Rb7+ {[%clk 0:31:47]} Kh6 {[%clk
1:15:40]} 0-1

[Event "Girls U14 Polish Youth Championship"]
[Site "chess24.com"]
[Date "2018.05.04"]
[Round "8"]
[White "Pieczewska, Gabriela"]
[Black "Franek, Diana"]
[Result "1/2-1/2"]
[Board "24"]
[WhiteElo "1203"]
[WhiteCountry "POL"]
[WhiteFideId "1195158"]
[BlackElo "1190"]
[BlackCountry "POL"]
[BlackFideId "21856516"]

1. d4 {[%clk 1:30:30]} d5 {[%clk 1:30:49]} 2. c4 {[%clk 1:30:49]} c6 {[%clk
1:30:30]} 3. g3 {[%clk 1:31:04]} Nf6 {[%clk 1:29:42]} 4. Bg2 {[%clk 1:31:03]} e6
{[%clk 1:28:24]} 5. Nf3 {[%clk 1:30:51]} h6 {[%clk 1:26:19]} 6. O-O {[%clk
1:28:57]} Bd6 {[%clk 1:24:30]} 7. Qc2 {[%clk 1:24:23]} O-O {[%clk 1:21:01]} 8. c5
{[%clk 1:18:51]} Bc7 {[%clk 1:20:59]} 9. Nc3 {[%clk 1:19:05]} Nbd7 {[%clk
1:19:50]} 10. Rd1 {[%clk 1:15:19]} e5 {[%clk 1:15:47]} 11. e4 {[%clk 1:04:46]}
exd4 {[%clk 1:09:03]} 12. Nxd4 {[%clk 1:04:29]} Nxe4 {[%clk 0:59:09]} 13. Nxe4
{[%clk 1:03:56]} dxe4 {[%clk 0:59:17]} 14. Bxe4 {[%clk 1:02:57]} Qe7 {[%clk
0:57:14]} 15. b4 {[%clk 0:51:49]} a5 {[%clk 0:55:48]} 16. Bb2 {[%clk 0:48:48]}
Nf6 {[%clk 0:49:12]} 17. Bg2 {[%clk 0:48:15]} Re8 {[%clk 0:46:55]} 18. a3 {[%clk
0:44:10]} Bg4 {[%clk 0:42:18]} 19. Re1 {[%clk 0:41:07]} Qd7 {[%clk 0:40:31]} 20.
b5 {[%clk 0:34:06]} Nd5 {[%clk 0:32:34]} 21. b6 {[%clk 0:30:37]} Be5 {[%clk
0:30:30]} 22. Nf3 {[%clk 0:23:31]} Bxb2 {[%clk 0:30:01]} 23. Qxb2 {[%clk
0:23:45]} Bxf3 {[%clk 0:28:44]} 24. Bxf3 {[%clk 0:24:04]} Qf5 {[%clk 0:28:15]}
25. Bxd5 {[%clk 0:20:39]} Qxd5 {[%clk 0:27:52]} 26. Qc3 {[%clk 0:20:31]} a4
{[%clk 0:26:03]} 27. Rad1 {[%clk 0:20:07]} Rxe1+ {[%clk 0:25:29]} 28. Rxe1 {[%clk
0:18:00]} Kf8 {[%clk 0:23:59]} 29. Qe3 {[%clk 0:16:38]} Qd7 {[%clk 0:23:52]} 30.
Qc3 {[%clk 0:15:31]} Qd5 {[%clk 0:22:01]} 31. Qe3 {[%clk 0:15:22]} 1/2-1/2

[Event "Girls U14 Polish Youth Championship"]
[Site "chess24.com"]
[Date "2018.05.04"]
[Round "8"]
[White "Polakowska, Agnieszka"]
[Black "Kot, Ewelina"]
[Result "1-0"]
[Board "25"]
[WhiteElo "1180"]
[WhiteCountry "POL"]
[WhiteFideId "21800804"]
[WhiteEloChange "9"]
[BlackElo "1148"]
[BlackCountry "POL"]
[BlackFideId "21871566"]
[BlackEloChange "-9"]

1. e4 {[%clk 1:30:58]} e6 {[%clk 1:30:53]} 2. d4 {[%clk 1:31:22]} d5 {[%clk
1:31:16]} 3. exd5 {[%clk 1:31:47]} exd5 {[%clk 1:31:33]} 4. Bd3 {[%clk 1:32:06]}
Bd6 {[%clk 1:31:40]} 5. Nf3 {[%clk 1:32:28]} Ne7 {[%clk 1:31:54]} 6. O-O {[%clk
1:31:11]} c5 {[%clk 1:29:54]} 7. dxc5 {[%clk 1:25:08]} Bxc5 {[%clk 1:30:17]} 8.
c3 {[%clk 1:21:52]} Nbc6 {[%clk 1:29:17]} 9. h3 {[%clk 1:20:52]} Bf5 {[%clk
1:26:57]} 10. Re1 {[%clk 1:17:10]} Bxd3 {[%clk 1:26:25]} 11. Qxd3 {[%clk
1:17:32]} O-O {[%clk 1:26:42]} 12. Bf4 {[%clk 1:17:01]} Qb6 {[%clk 1:26:35]} 13.
Re2 {[%clk 1:11:00]} Ng6 {[%clk 1:26:03]} 14. Be3 {[%clk 1:10:07]} Bxe3 {[%clk
1:26:20]} 15. Qxe3 {[%clk 1:10:20]} Qxe3 {[%clk 1:26:15]} 16. Rxe3 {[%clk
1:10:34]} Rfe8 {[%clk 1:26:29]} 17. Rxe8+ {[%clk 1:09:04]} Rxe8 {[%clk 1:26:52]}
18. Nbd2 {[%clk 1:08:59]} f6 {[%clk 1:26:28]} 19. g3 {[%clk 1:05:14]} Nce5 {[%clk
1:26:41]} 20. Re1 {[%clk 0:57:27]} Nxf3+ {[%clk 1:26:55]} 21. Nxf3 {[%clk
0:57:47]} Rxe1+ {[%clk 1:26:56]} 22. Nxe1 {[%clk 0:58:10]} Kf7 {[%clk 1:27:09]}
23. f4 {[%clk 0:57:59]} f5 {[%clk 1:27:18]} 24. Kf2 {[%clk 0:58:01]} Ke6 {[%clk
1:27:40]} 25. Nd3 {[%clk 0:56:42]} Kd6 {[%clk 1:27:45]} 26. Ke3 {[%clk 0:56:51]}
Ne7 {[%clk 1:27:28]} 27. Ne5 {[%clk 0:39:22]} Nc6 {[%clk 1:25:33]} 28. Nxc6
{[%clk 0:39:13]} bxc6 {[%clk 1:25:56]} 29. b4 {[%clk 0:39:29]} a6 {[%clk
1:25:55]} 30. Kd4 {[%clk 0:39:35]} g6 {[%clk 1:25:17]} 31. h4 {[%clk 0:39:50]} h6
{[%clk 1:24:45]} 32. a3 {[%clk 0:40:03]} h5 {[%clk 1:20:53]} 33. a4 {[%clk
0:39:05]} a5 {[%clk 1:19:47]} 34. Kd3 {[%clk 0:34:01]} axb4 {[%clk 1:17:07]} 35.
cxb4 {[%clk 0:34:23]} c5 {[%clk 1:16:22]} 36. bxc5+ {[%clk 0:34:30]} Kxc5 {[%clk
1:16:45]} 37. a5 {[%clk 0:34:57]} d4 {[%clk 1:15:23]} 38. a6 {[%clk 0:35:18]} Kb6
{[%clk 1:15:43]} 39. Kxd4 {[%clk 0:35:33]} Kxa6 {[%clk 1:16:02]} 40. Ke5 {[%clk
0:35:57]} Kb6 {[%clk 1:16:24]} 41. Kf6 {[%clk 0:36:15]} Kc5 {[%clk 1:16:47]} 42.
Kxg6 {[%clk 0:36:36]} Kd5 {[%clk 1:16:55]} 43. Kxf5 {[%clk 0:36:58]} Kd6 {[%clk
1:17:16]} 44. Kg5 {[%clk 0:37:12]} Ke6 {[%clk 1:17:37]} 45. Kg6 {[%clk 0:37:25]}
Ke7 {[%clk 1:17:56]} 46. f5 {[%clk 0:37:38]} Kf8 {[%clk 1:18:15]} 47. Kf6 {[%clk
0:37:26]} Kg8 {[%clk 1:18:32]} 48. Ke7 {[%clk 0:37:51]} 1-0

[Event "Girls U14 Polish Youth Championship"]
[Site "chess24.com"]
[Date "2018.05.04"]
[Round "8"]
[White "Lewandowska, Weronika"]
[Black "Gromek, Aleksandra"]
[Result "1/2-1/2"]
[Board "26"]
[WhiteElo "1219"]
[WhiteCountry "POL"]
[WhiteFideId "21814198"]
[WhiteEloChange "-3"]
[BlackElo "1101"]
[BlackCountry "POL"]
[BlackFideId "21866619"]
[BlackEloChange "3"]

1. d4 {[%clk 1:30:58]} d5 {[%clk 1:30:52]} 2. c4 {[%clk 1:31:23]} e6 {[%clk
1:31:06]} 3. Nc3 {[%clk 1:31:20]} Nf6 {[%clk 1:30:58]} 4. Nf3 {[%clk 1:30:46]} c6
{[%clk 1:29:56]} 5. e3 {[%clk 1:29:45]} Nbd7 {[%clk 1:28:51]} 6. Bd3 {[%clk
1:28:38]} Be7 {[%clk 1:27:47]} 7. O-O {[%clk 1:27:48]} O-O {[%clk 1:26:22]} 8. a3
{[%clk 1:25:56]} b6 {[%clk 1:22:57]} 9. b4 {[%clk 1:22:40]} Bb7 {[%clk 1:21:08]}
10. Rb1 {[%clk 1:20:09]} Qc7 {[%clk 1:15:28]} 11. c5 {[%clk 1:15:46]} a5 {[%clk
1:12:43]} 12. Bb2 {[%clk 1:11:40]} h6 {[%clk 1:10:12]} 13. Re1 {[%clk 1:07:03]}
Rfe8 {[%clk 1:07:39]} 14. e4 {[%clk 0:58:16]} dxe4 {[%clk 1:05:28]} 15. Nxe4
{[%clk 0:58:27]} Nxe4 {[%clk 1:05:03]} 16. Bxe4 {[%clk 0:58:38]} Nf6 {[%clk
1:02:01]} 17. Ne5 {[%clk 0:54:14]} Nxe4 {[%clk 0:59:16]} 18. Rxe4 {[%clk
0:54:25]} Red8 {[%clk 0:55:01]} 19. Qc2 {[%clk 0:52:29]} Bf6 {[%clk 0:52:14]} 20.
Nc4 {[%clk 0:45:43]} bxc5 {[%clk 0:45:26]} 21. dxc5 {[%clk 0:42:04]} Bxb2 {[%clk
0:44:20]} 22. Qxb2 {[%clk 0:40:46]} axb4 {[%clk 0:42:41]} 23. axb4 {[%clk
0:39:13]} Ba6 {[%clk 0:38:41]} 24. Rd4 {[%clk 0:30:10]} Rxd4 {[%clk 0:36:46]} 25.
Qxd4 {[%clk 0:30:18]} Bxc4 {[%clk 0:35:45]} 26. Qxc4 {[%clk 0:30:32]} Qe5 {[%clk
0:34:05]} 27. g3 {[%clk 0:27:51]} Rd8 {[%clk 0:31:39]} 28. Kf1 {[%clk 0:21:41]}
Qf5 {[%clk 0:30:22]} 29. Rc1 {[%clk 0:17:28]} Qf3 {[%clk 0:27:57]} 30. Kg1 {[%clk
0:10:58]} Rd2 {[%clk 0:25:20]} 31. Qf4 {[%clk 0:10:40]} Qxf4 {[%clk 0:24:48]} 32.
gxf4 {[%clk 0:11:02]} Rd4 {[%clk 0:24:53]} 33. Rb1 {[%clk 0:09:34]} Rxf4 {[%clk
0:24:58]} 34. b5 {[%clk 0:09:50]} cxb5 {[%clk 0:24:48]} 35. Rxb5 {[%clk 0:09:50]}
Rc4 {[%clk 0:24:32]} 36. Kf1 {[%clk 0:07:46]} Rc2 {[%clk 0:24:50]} 1/2-1/2

[Event "Girls U14 Polish Youth Championship"]
[Site "chess24.com"]
[Date "2018.05.05"]
[Round "9"]
[White "Dylag, Emilia"]
[Black "Hertlein, Irena"]
[Result "1/2-1/2"]
[Board "1"]
[WhiteElo "1871"]
[WhiteCountry "POL"]
[WhiteFideId "21805172"]
[WhiteEloChange "-7"]
[BlackElo "1582"]
[BlackCountry "POL"]
[BlackFideId "21817618"]
[BlackEloChange "7"]

1. Nf3 {[%clk 1:30:51]} d5 {[%clk 1:30:37]} 2. g3 {[%clk 1:31:08]} c5 {[%clk
1:27:58]} 3. Bg2 {[%clk 1:31:16]} Nc6 {[%clk 1:28:15]} 4. d3 {[%clk 1:30:52]} Nf6
{[%clk 1:27:32]} 5. O-O {[%clk 1:30:48]} e6 {[%clk 1:26:15]} 6. Nbd2 {[%clk
1:30:59]} Be7 {[%clk 1:25:17]} 7. e4 {[%clk 1:30:23]} O-O {[%clk 1:24:24]} 8. c3
{[%clk 1:29:08]} h6 {[%clk 1:18:19]} 9. Re1 {[%clk 1:28:22]} d4 {[%clk 1:16:13]}
10. Nb3 {[%clk 1:25:39]} e5 {[%clk 1:09:50]} 11. Bd2 {[%clk 1:20:28]} Be6 {[%clk
1:07:31]} 12. Rc1 {[%clk 1:16:02]} Rc8 {[%clk 1:04:49]} 13. cxd4 {[%clk 1:05:37]}
cxd4 {[%clk 1:03:17]} 14. Nh4 {[%clk 1:00:01]} Qd7 {[%clk 0:57:44]} 15. a3 {[%clk
0:52:48]} Rfe8 {[%clk 0:43:01]} 16. Nc5 {[%clk 0:49:49]} Bxc5 {[%clk 0:39:25]}
17. Rxc5 {[%clk 0:49:19]} b6 {[%clk 0:38:25]} 18. Rc1 {[%clk 0:49:18]} Nb8 {[%clk
0:32:11]} 19. f4 {[%clk 0:45:33]} Bg4 {[%clk 0:20:13]} 20. Bf3 {[%clk 0:44:55]}
Rxc1 {[%clk 0:19:39]} 21. Bxc1 {[%clk 0:44:58]} exf4 {[%clk 0:19:17]} 22. gxf4
{[%clk 0:44:10]} Bxf3 {[%clk 0:18:51]} 23. Qxf3 {[%clk 0:43:59]} Qg4+ {[%clk
0:18:41]} 24. Qxg4 {[%clk 0:44:23]} Nxg4 {[%clk 0:19:07]} 25. Nf5 {[%clk
0:44:37]} Nc6 {[%clk 0:18:16]} 26. h3 {[%clk 0:43:45]} Nf6 {[%clk 0:18:07]} 27.
b4 {[%clk 0:43:38]} a6 {[%clk 0:17:25]} 28. Bb2 {[%clk 0:40:46]} Nh5 {[%clk
0:16:50]} 29. Rf1 {[%clk 0:38:16]} g6 {[%clk 0:12:24]} 30. Nxh6+ {[%clk 0:36:26]}
Kg7 {[%clk 0:12:29]} 31. Ng4 {[%clk 0:36:33]} f5 {[%clk 0:11:04]} 32. Rc1 {[%clk
0:27:38]} fxg4 {[%clk 0:10:46]} 33. Rxc6 {[%clk 0:28:02]} Nxf4 {[%clk 0:10:06]}
34. Bxd4+ {[%clk 0:27:45]} Kg8 {[%clk 0:10:20]} 35. Bxb6 {[%clk 0:27:39]} gxh3
{[%clk 0:09:01]} 36. Be3 {[%clk 0:26:31]} Nxd3 {[%clk 0:08:51]} 37. Rxg6+ {[%clk
0:26:41]} Kf7 {[%clk 0:09:00]} 38. Rg3 {[%clk 0:19:37]} Rxe4 {[%clk 0:06:57]}
1/2-1/2

[Event "Girls U14 Polish Youth Championship"]
[Site "chess24.com"]
[Date "2018.05.05"]
[Round "9"]
[White "Zarebska, Lena"]
[Black "Adamczyk, Zuzanna"]
[Result "1-0"]
[Board "2"]
[WhiteElo "1754"]
[WhiteCountry "POL"]
[WhiteFideId "21807698"]
[WhiteEloChange "10"]
[BlackElo "1741"]
[BlackCountry "POL"]
[BlackFideId "1187570"]
[BlackEloChange "-10"]

1. e4 {[%clk 1:30:58]} c6 {[%clk 1:30:50]} 2. d4 {[%clk 1:31:20]} d5 {[%clk
1:31:07]} 3. e5 {[%clk 1:31:45]} Bf5 {[%clk 1:31:23]} 4. Nf3 {[%clk 1:31:59]} e6
{[%clk 1:29:56]} 5. Be2 {[%clk 1:32:14]} c5 {[%clk 1:27:34]} 6. Be3 {[%clk
1:32:23]} Nc6 {[%clk 1:14:34]} 7. O-O {[%clk 1:30:30]} Qb6 {[%clk 0:59:56]} 8.
Na3 {[%clk 1:06:24]} Qxb2 {[%clk 0:43:16]} 9. Nb5 {[%clk 1:05:39]} Rc8 {[%clk
0:42:33]} 10. Ne1 {[%clk 1:03:21]} Nb4 {[%clk 0:23:07]} 11. Rb1 {[%clk 0:59:05]}
Qxa2 {[%clk 0:22:39]} 12. Ra1 {[%clk 0:55:09]} Bxc2 {[%clk 0:18:59]} 13. Qc1
{[%clk 0:52:24]} Qb3 {[%clk 0:18:38]} 14. Rxa7 {[%clk 0:44:25]} c4 {[%clk
0:09:08]} 15. Qa1 {[%clk 0:38:07]} Qb1 {[%clk 0:05:13]} 16. Nxc2 {[%clk 0:35:53]}
Qxa1 {[%clk 0:03:24]} 17. Nxa1 {[%clk 0:36:11]} Rb8 {[%clk 0:02:56]} 18. Rb1
{[%clk 0:32:23]} Kd7 {[%clk 0:01:10]} 19. Nd6 {[%clk 0:32:07]} Bxd6 {[%clk
0:01:26]} 20. exd6 {[%clk 0:32:32]} Nc6 {[%clk 0:01:28]} 21. Raxb7+ {[%clk
0:32:15]} Rxb7 {[%clk 0:01:43]} 22. Rxb7+ {[%clk 0:32:40]} Kxd6 {[%clk 0:02:04]}
23. Nc2 {[%clk 0:29:20]} Nf6 {[%clk 0:01:00]} 24. Rxf7 {[%clk 0:19:56]} Rb8
{[%clk 0:01:18]} 25. Ne1 {[%clk 0:11:46]} Rb1 {[%clk 0:01:12]} 26. Kf1 {[%clk
0:12:10]} Nb4 {[%clk 0:01:00]} 27. f3 {[%clk 0:11:13]} c3 {[%clk 0:01:14]} 28.
Bf4+ {[%clk 0:11:21]} e5 {[%clk 0:01:11]} 29. dxe5+ {[%clk 0:10:54]} Ke6 {[%clk
0:01:34]} 30. Rc7 {[%clk 0:11:05]} Nh5 {[%clk 0:01:31]} 31. Be3 {[%clk 0:10:02]}
Nc2 {[%clk 0:01:10]} 32. Bf2 {[%clk 0:10:20]} d4 {[%clk 0:01:32]} 33. Bd3 {[%clk
0:10:08]} Nf4 {[%clk 0:00:59]} 34. Bxc2 {[%clk 0:09:37]} Rc1 {[%clk 0:01:05]} 35.
Bxd4 {[%clk 0:09:30]} Nd5 {[%clk 0:00:54]} 36. Rc6+ {[%clk 0:09:46]} Ke7 {[%clk
0:01:07]} 37. Kf2 {[%clk 0:09:09]} Nb4 {[%clk 0:01:10]} 38. Rxc3 {[%clk 0:09:27]}
Nd5 {[%clk 0:01:04]} 39. Rc5 {[%clk 0:09:24]} Nf4 {[%clk 0:01:06]} 40. g3 {[%clk
0:09:40]} Ne6 {[%clk 0:01:23]} 41. Rc4 {[%clk 0:09:58]} g5 {[%clk 0:01:33]} 42.
Bc5+ {[%clk 0:10:11]} Kd8 {[%clk 0:01:43]} 43. Ke2 {[%clk 0:10:26]} Ra1 {[%clk
0:02:03]} 44. Kd2 {[%clk 0:10:23]} Kd7 {[%clk 0:02:19]} 45. Bd6 {[%clk 0:10:40]}
h5 {[%clk 0:02:31]} 46. Nd3 {[%clk 0:10:50]} Rh1 {[%clk 0:02:42]} 47. Nc5+ {[%clk
0:10:57]} 1-0

[Event "Girls U14 Polish Youth Championship"]
[Site "chess24.com"]
[Date "2018.05.05"]
[Round "9"]
[White "Goraj, Barbara"]
[Black "Czarnecka, Lidia"]
[Result "1-0"]
[Board "3"]
[WhiteElo "1784"]
[WhiteCountry "POL"]
[WhiteFideId "21816166"]
[WhiteEloChange "11"]
[BlackElo "1809"]
[BlackCountry "POL"]
[BlackFideId "21807531"]
[BlackEloChange "-11"]

1. e4 {[%clk 1:30:57]} c5 {[%clk 1:30:40]} 2. Nf3 {[%clk 1:31:12]} e6 {[%clk
1:30:17]} 3. d4 {[%clk 1:30:56]} cxd4 {[%clk 1:30:31]} 4. Nxd4 {[%clk 1:31:19]}
a6 {[%clk 1:30:09]} 5. Bd3 {[%clk 1:30:58]} Bc5 {[%clk 1:29:34]} 6. Nb3 {[%clk
1:29:41]} Be7 {[%clk 1:28:55]} 7. O-O {[%clk 1:27:32]} Qc7 {[%clk 1:27:50]} 8.
Qe2 {[%clk 1:25:01]} d6 {[%clk 1:26:30]} 9. Bd2 {[%clk 1:23:39]} Nf6 {[%clk
1:25:37]} 10. c4 {[%clk 1:22:16]} Nbd7 {[%clk 1:25:04]} 11. f4 {[%clk 1:20:52]}
b6 {[%clk 1:23:18]} 12. Nc3 {[%clk 1:20:11]} Bb7 {[%clk 1:22:11]} 13. Kh1 {[%clk
1:17:43]} Rc8 {[%clk 1:20:07]} 14. Rae1 {[%clk 1:16:29]} Nc5 {[%clk 1:02:01]} 15.
Nxc5 {[%clk 1:13:10]} Qxc5 {[%clk 0:55:41]} 16. Be3 {[%clk 0:59:44]} Qc7 {[%clk
0:55:54]} 17. Bd4 {[%clk 0:51:33]} e5 {[%clk 0:53:26]} 18. Bg1 {[%clk 0:50:12]}
O-O {[%clk 0:47:44]} 19. fxe5 {[%clk 0:41:28]} dxe5 {[%clk 0:47:52]} 20. Nd5
{[%clk 0:40:13]} Bxd5 {[%clk 0:43:40]} 21. exd5 {[%clk 0:39:15]} Bb4 {[%clk
0:42:28]} 22. Rxf6 {[%clk 0:34:31]} Bxe1 {[%clk 0:42:02]} 23. Rc6 {[%clk
0:34:10]} Qe7 {[%clk 0:41:32]} 24. Rxc8 {[%clk 0:33:44]} Rxc8 {[%clk 0:41:56]}
25. Qxe1 {[%clk 0:34:05]} Qd6 {[%clk 0:41:33]} 26. Qe3 {[%clk 0:32:48]} Rb8
{[%clk 0:41:16]} 27. b3 {[%clk 0:29:20]} g6 {[%clk 0:40:58]} 28. g4 {[%clk
0:28:41]} Kg7 {[%clk 0:38:06]} 29. Be4 {[%clk 0:25:02]} Qa3 {[%clk 0:35:43]} 30.
Bxg6 {[%clk 0:19:29]} hxg6 {[%clk 0:33:20]} 31. Qxe5+ {[%clk 0:19:40]} f6 {[%clk
0:33:48]} 32. Qxb8 {[%clk 0:19:24]} Qe7 {[%clk 0:34:12]} 33. Qf4 {[%clk 0:18:35]}
1-0

[Event "Girls U14 Polish Youth Championship"]
[Site "chess24.com"]
[Date "2018.05.05"]
[Round "9"]
[White "Marcinczyk, Monika"]
[Black "Kroliczek, Gabriela"]
[Result "1-0"]
[Board "4"]
[WhiteElo "1804"]
[WhiteTitle "WCM"]
[WhiteCountry "POL"]
[WhiteFideId "1192051"]
[WhiteEloChange "8"]
[BlackElo "1729"]
[BlackCountry "POL"]
[BlackFideId "21816727"]
[BlackEloChange "-8"]

1. e4 {[%clk 1:30:56]} e6 {[%clk 1:30:49]} 2. d4 {[%clk 1:30:54]} d5 {[%clk
1:31:15]} 3. Nd2 {[%clk 1:29:02]} c5 {[%clk 1:31:39]} 4. dxc5 {[%clk 1:21:25]}
Bxc5 {[%clk 1:31:51]} 5. Nb3 {[%clk 1:20:02]} Bb6 {[%clk 1:29:49]} 6. exd5 {[%clk
1:18:53]} exd5 {[%clk 1:29:25]} 7. Be2 {[%clk 1:12:37]} Qh4 {[%clk 1:16:10]} 8.
g3 {[%clk 0:48:54]} Qe4 {[%clk 1:16:13]} 9. Nf3 {[%clk 0:47:03]} Bh3 {[%clk
1:15:50]} 10. Rg1 {[%clk 0:44:14]} h6 {[%clk 1:00:49]} 11. Nfd4 {[%clk 0:38:57]}
Nc6 {[%clk 0:53:25]} 12. Be3 {[%clk 0:36:28]} O-O-O {[%clk 0:35:21]} 13. Qd3
{[%clk 0:25:28]} Nxd4 {[%clk 0:22:23]} 14. Bxd4 {[%clk 0:23:06]} Bxd4 {[%clk
0:19:17]} 15. Nxd4 {[%clk 0:21:55]} Bd7 {[%clk 0:19:06]} 16. O-O-O {[%clk
0:20:41]} Nf6 {[%clk 0:18:23]} 17. Qa3 {[%clk 0:16:45]} Kb8 {[%clk 0:14:36]} 18.
Bf3 {[%clk 0:15:02]} Qe5 {[%clk 0:14:18]} 19. Rge1 {[%clk 0:14:02]} Qg5+ {[%clk
0:10:48]} 20. Kb1 {[%clk 0:14:07]} Ng4 {[%clk 0:10:26]} 21. Qd6+ {[%clk 0:10:14]}
Ka8 {[%clk 0:09:24]} 22. Qxd5 {[%clk 0:08:03]} Qxd5 {[%clk 0:09:28]} 23. Bxd5
{[%clk 0:08:30]} Be8 {[%clk 0:09:42]} 24. Bf3 {[%clk 0:07:28]} Nxf2 {[%clk
0:09:37]} 25. Rd2 {[%clk 0:07:26]} Nh3 {[%clk 0:09:27]} 26. Re7 {[%clk 0:06:08]}
Rd7 {[%clk 0:08:02]} 27. Rde2 {[%clk 0:06:09]} Rxd4 {[%clk 0:08:01]} 28. Rxe8+
{[%clk 0:06:30]} Rd8 {[%clk 0:08:27]} 29. Rxh8 {[%clk 0:06:49]} Rxh8 {[%clk
0:08:42]} 30. Re7 {[%clk 0:07:07]} Rb8 {[%clk 0:08:31]} 31. Bd5 {[%clk 0:05:30]}
a5 {[%clk 0:07:51]} 32. Rxf7 {[%clk 0:05:23]} Rd8 {[%clk 0:07:06]} 33. Bxb7+
{[%clk 0:04:04]} Kb8 {[%clk 0:07:31]} 34. b3 {[%clk 0:03:57]} g5 {[%clk 0:07:15]}
35. Bg2 {[%clk 0:03:22]} Ng1 {[%clk 0:07:18]} 36. Rf2 {[%clk 0:03:30]} Kc7 {[%clk
0:06:43]} 37. Kc1 {[%clk 0:03:17]} g4 {[%clk 0:06:27]} 38. c4 {[%clk 0:03:23]}
Kb6 {[%clk 0:06:50]} 39. Kc2 {[%clk 0:02:58]} Kc5 {[%clk 0:07:08]} 40. Rf5+
{[%clk 0:03:09]} Kd4 {[%clk 0:07:09]} 41. Rxa5 {[%clk 0:02:33]} Ke3 {[%clk
0:07:23]} 42. Re5+ {[%clk 0:02:53]} Kf2 {[%clk 0:07:34]} 43. Bd5 {[%clk 0:03:04]}
Rf8 {[%clk 0:07:29]} 44. c5 {[%clk 0:02:59]} Nf3 {[%clk 0:07:56]} 45. Re4 {[%clk
0:02:36]} h5 {[%clk 0:07:58]} 46. c6 {[%clk 0:02:38]} Nxh2 {[%clk 0:07:14]} 47.
Rf4+ {[%clk 0:02:48]} Rxf4 {[%clk 0:06:17]} 48. gxf4 {[%clk 0:03:17]} Nf3 {[%clk
0:06:24]} 49. c7 {[%clk 0:02:06]} g3 {[%clk 0:06:38]} 50. Bxf3 {[%clk 0:01:48]}
Kxf3 {[%clk 0:06:50]} 51. c8Q {[%clk 0:02:05]} Kg2 {[%clk 0:06:26]} 52. Qh8
{[%clk 0:02:14]} 1-0

[Event "Girls U14 Polish Youth Championship"]
[Site "chess24.com"]
[Date "2018.05.05"]
[Round "9"]
[White "Wikar, Martyna"]
[Black "Zniszczol, Wiktoria"]
[Result "1-0"]
[Board "5"]
[WhiteElo "2029"]
[WhiteCountry "POL"]
[WhiteFideId "21807663"]
[WhiteEloChange "2"]
[BlackElo "1555"]
[BlackCountry "POL"]
[BlackFideId "1194895"]
[BlackEloChange "-2"]

1. e4 {[%clk 1:30:55]} e6 {[%clk 1:30:53]} 2. d3 {[%clk 1:30:46]} d5 {[%clk
1:30:56]} 3. Nd2 {[%clk 1:31:07]} Nf6 {[%clk 1:25:39]} 4. Ngf3 {[%clk 1:30:19]}
c5 {[%clk 1:23:32]} 5. g3 {[%clk 1:30:12]} b6 {[%clk 1:23:00]} 6. Bg2 {[%clk
1:29:21]} Bb7 {[%clk 1:23:02]} 7. Qe2 {[%clk 1:26:31]} Be7 {[%clk 1:19:16]} 8.
O-O {[%clk 1:26:04]} Nc6 {[%clk 1:17:35]} 9. c3 {[%clk 1:23:58]} a5 {[%clk
1:16:16]} 10. Re1 {[%clk 1:20:20]} Qc7 {[%clk 1:12:12]} 11. Nf1 {[%clk 1:17:03]}
dxe4 {[%clk 1:09:48]} 12. dxe4 {[%clk 1:17:14]} Ba6 {[%clk 1:07:59]} 13. c4
{[%clk 1:15:25]} O-O-O {[%clk 1:03:16]} 14. b3 {[%clk 1:11:39]} h6 {[%clk
0:56:07]} 15. Bb2 {[%clk 1:07:34]} Rhg8 {[%clk 0:50:26]} 16. Rad1 {[%clk
1:01:22]} Bb7 {[%clk 0:46:07]} 17. N1d2 {[%clk 0:53:27]} g5 {[%clk 0:41:33]} 18.
e5 {[%clk 0:52:38]} Nd7 {[%clk 0:35:57]} 19. g4 {[%clk 0:51:20]} h5 {[%clk
0:32:38]} 20. h3 {[%clk 0:49:22]} hxg4 {[%clk 0:32:23]} 21. hxg4 {[%clk 0:49:42]}
Rg6 {[%clk 0:28:03]} 22. Nf1 {[%clk 0:40:22]} Rgg8 {[%clk 0:21:51]} 23. Ng3
{[%clk 0:39:52]} Kb8 {[%clk 0:21:10]} 24. Bc3 {[%clk 0:38:38]} Rde8 {[%clk
0:15:38]} 25. Qe3 {[%clk 0:35:20]} Nd8 {[%clk 0:14:38]} 26. Ne4 {[%clk 0:34:01]}
Bxe4 {[%clk 0:13:37]} 27. Qxe4 {[%clk 0:30:41]} Nb7 {[%clk 0:12:22]} 28. Rd2
{[%clk 0:28:49]} Rd8 {[%clk 0:11:28]} 29. Red1 {[%clk 0:27:47]} Nf8 {[%clk
0:11:15]} 30. Rxd8+ {[%clk 0:27:10]} Bxd8 {[%clk 0:11:29]} 31. Ne1 {[%clk
0:21:23]} Be7 {[%clk 0:09:00]} 32. Nc2 {[%clk 0:19:56]} Ng6 {[%clk 0:08:03]} 33.
Na3 {[%clk 0:18:34]} Nf4 {[%clk 0:06:28]} 34. Nb5 {[%clk 0:18:16]} Qc8 {[%clk
0:06:33]} 35. Qxb7+ {[%clk 0:17:35]} Qxb7 {[%clk 0:06:44]} 36. Bxb7 {[%clk
0:17:58]} 1-0